000 00695nam a2200217 a 4500
001 000023019
005 20200930021932.0
008 101124s1980 ck 000 f spa d
040 _aDO-SdBNP
_bspa
_cBNPHU
082 _aPe863.4
_bA366s
100 1 _aAlegría, Ciro,
_d1909-1967
_915510
245 1 3 _aLa serpiente de oro /
_cCiro Alegría.
260 _aBogotá, Colombia :
_bLa Oveja Negra,
_c1980.
300 _a90 p. ;
_c17 cm.
504 _aIncluye referencias bibliográficas y notas al pie de las páginas.
586 _aPremio de Novela Nascimento. Santiago de Chile 1935.
650 4 _aNovela peruana
_912569
650 4 _aLiteratura peruana
_93140
910 _aWM
049 _aBNGR
999 _c22516
_d22516